000 00296nam a22001337a 4500
008 170615b xxu||||| |||| 00| 0 eng d
020 _a9280810820
041 _aeng
080 _a93
100 _a19
101 _aSHP
245 _aREFORMING AFRICA'S INSTITUTIONS
_cKAYIZZI,S
942 _2udc
_cBK
999 _c17502
_d17502